[Event "June 2011 Summer Chess"]
[Site "SchemingMind.com"]
[Date "2011.06.27"]
[Round "-"]
[White "tom claxton"]
[Black "Shanks"]
[Result "0-1"]
[WhiteCountry "ENG"]
[BlackCountry "ENG"]
[WhiteElo "1426"]
[WhiteRD "77"]
[BlackElo "1432"]
[BlackRD "63"]
[GameID "287312"]

1. d4 d5 2. Nc3 c6 3. Nf3 h6 4. Bf4 Nd7 5. e4 e6 6. exd5 cxd5 7. Nb5 Nb6 8. Nc7+ Ke7 9. Nxa8 Nxa8 10. Ng5 hxg5
11. Bxg5+ f6 12. Bf4 Nb6 13. c3 Bd7 14. Qb3 g5 15. Bg3 Nh6 16. Bb5 Bc8 17. Qb4+ Kf7 18. Qa5 a6 19. b4 axb5 20. Qxb5 Bd7
21. Qe2 Nf5 22. O-O Nxg3 23. fxg3 Nc4 24. Rae1 Bg7 25. Rf3 Qe8 26. Qf2 Nd6 27. h4 g4 28. Rf4 f5 29. Rxg4 Kg8 30. Rg6 Qxg6
31. Qf4 Nc8 32. Qc7 Qe8 33. Qxb7 Nd6 34. Qc7 Ne4 35. Re3 Nf6 36. Qd6 Ng4 37. Re2 Nf6 38. Qf4 Nh5 39. Qg5 Bb5 40. Re1 Qf7
41. Qe3 Bc4 42. a3 f4 43. Qxe6 Qxe6 44. Rxe6 fxg3 45. Rg6 Nf4 46. Rxg3 Ne2+ 47. Kh2 Rxh4+ 48. Rh3 Rxh3+ 49. gxh3 Nxc3 50. Kg3 Bxd4
51. h4 Ne4+ 52. Kf4 Bb2 53. a4 Bc1+ 54. Ke5 Ba3 55. b5 Bd6+ 56. Kd4 Bc7 57. Ke3 Kg7 58. Kf3 Bb3 59. Ke3 Bxa4 60. h5 Bxb5
61. Kd4 Bc4 62. Ke3 Kh6 63. Kf3 Kxh5 64. Ke3 Kg5 65. Kd4 Kf6 66. Ke3 Ke5 67. Kf3 d4 68. Kg2 d3 69. Kf1 d2+ 70. Kg2 d1=Q
71. Kh3 Be6+ 72. Kg2 Qe2+ 73. Kg1 Qf2+ 74. Kh1 Ng3#
0-1

[Event "June 2011 Summer Chess"]
[Site "SchemingMind.com"]
[Date "2011.06.27"]
[Round "-"]
[White "Shanks"]
[Black "tom claxton"]
[Result "1-0"]
[WhiteCountry "ENG"]
[BlackCountry "ENG"]
[WhiteElo "1322"]
[WhiteRD "60"]
[BlackElo "1392"]
[BlackRD "78"]
[GameID "287313"]

1. e4 e6 2. d3 d5 3. e5 c5 4. Nf3 Nc6 5. a3 b5 6. h3 Qc7 7. Bf4 Bb7 8. Bg3 f6 9. exf6 Qf7 10. fxg7 Bxg7
11. Ne5 Nxe5 12. Nd2 Ng6 13. Be2 Bxb2 14. Rb1 Qf6 15. O-O Bc6 16. Bh2 Bxa3 17. Nf3 c4 18. d4 Nh6 19. c3 Be7 20. Ne5 Nxe5
21. Bxe5 Qf8 22. Bxh8 Qxh8 23. Bh5+ Kd7 24. Qd2 Qg7 25. Be2 Rg8 26. Bf3 Nf5 27. Ra1 Nh4 28. Rxa7+ Kd6 29. Qf4+ Qe5 30. dxe5+ Kc5
31. Qd4#
1-0

[Event "June 2011 Summer Chess"]
[Site "SchemingMind.com"]
[Date "2011.07.04"]
[Round "-"]
[White "ramesse"]
[Black "Shanks"]
[Result "1-0"]
[WhiteCountry "SVK"]
[BlackCountry "ENG"]
[WhiteElo "2171"]
[WhiteRD "61"]
[BlackElo "1445"]
[BlackRD "65"]
[GameID "287932"]

1. e4 d6 2. d4 Nf6 3. Nc3 a6 4. a4 Nbd7 5. Nf3 g6 6. e5 dxe5 7. dxe5 Nh5 8. Bc4 e6 9. g4 Ng7 10. Bh6 Rg8
11. Qe2 c6 12. O-O-O Qc7 13. Ne4 b5 14. Rxd7 Qxd7 15. Nf6+ Ke7 16. Bg5 Qb7 17. Qd3 bxc4 18. Qd6#
1-0

[Event "June 2011 Summer Chess"]
[Site "SchemingMind.com"]
[Date "2011.07.02"]
[Round "-"]
[White "ramesse"]
[Black "tom claxton"]
[Result "1-0"]
[WhiteCountry "SVK"]
[BlackCountry "ENG"]
[WhiteElo "1877"]
[WhiteRD "94"]
[BlackElo "1371"]
[BlackRD "55"]
[GameID "287933"]

1. e4 e6 2. d4 c5 3. Nf3 d5 4. exd5 Qxd5 5. Nc3 Qd6 6. Nb5 Qc6 7. Ne5 Qb6 8. Qh5 g6 9. Qf3 f5 10. Nc4 Qd8
11. Qg3 cxd4 12. Nc7+ Kf7 13. Nxa8 Nd7 14. Nc7 b5 15. Nd6+ Bxd6 16. Qxd6 Ne7 17. Qxe6+ Kf8 18. Bh6#
1-0

[Event "June 2011 Summer Chess"]
[Site "SchemingMind.com"]
[Date "2011.07.07"]
[Round "-"]
[White "Shanks"]
[Black "ramesse"]
[Result "0-1"]
[WhiteCountry "ENG"]
[BlackCountry "SVK"]
[WhiteElo "1322"]
[WhiteRD "60"]
[BlackElo "2250"]
[BlackRD "65"]
[GameID "287934"]

1. e4 c5 2. d3 Nc6 3. g3 g6 4. Bg2 Bg7 5. c3 Nf6 6. Nf3 d6 7. O-O O-O 8. Na3 Rb8 9. Rb1 b5 10. b4 cxb4
11. cxb4 Be6 12. Re1 Bxa2 13. Rb2 Be6 14. Nc2 Nd7 15. e5 Ndxe5 16. Nxe5 Nxe5 17. d4 Nc4 18. Rb1 Rc8 19. d5 Bf5 20. Ne3 Bxb1
21. Nxc4 Rxc4 22. Qb3 Bf5 23. Be3 a5 24. bxa5 Qxa5 25. Qd1 Ra8 26. Bd2 b4 27. h4 Qa2 28. Bf1 Rd4 29. Be2 Rxd2 30. Qxd2 Qxd2
0-1

[Event "June 2011 Summer Chess"]
[Site "SchemingMind.com"]
[Date "2011.07.02"]
[Round "-"]
[White "tom claxton"]
[Black "ramesse"]
[Result "0-1"]
[WhiteCountry "ENG"]
[BlackCountry "SVK"]
[WhiteElo "1371"]
[WhiteRD "55"]
[BlackElo "1877"]
[BlackRD "94"]
[GameID "287935"]

1. d4 d5 2. Nc3 Nf6 3. Bg5 Nbd7 4. Nf3 e6 5. e4 h6 6. Bxf6 Nxf6 7. e5 Ne4 8. Nxe4 dxe4 9. Nd2 Qxd4 10. c3 Qxe5
11. Qe2 Bd7 12. Qxe4 Qxe4+ 13. Nxe4 Bc6 14. f3 O-O-O 15. Bc4 Be7 16. O-O Rd7 17. Rad1 Rhd8 18. Nf2 Bc5 19. Rxd7 Rxd7 20. b4 Bb6
21. Kh1 Rd2 22. Nd3 Bd5 23. Bxd5 exd5 24. Nf4 c6 25. a3 Rc2 26. Nh5 g6 27. Nf4 Rxc3 28. Ra1 Be3 29. Ne2 Rc2 30. Re1 Bf2
31. Rf1 Rxe2 32. h3 d4 33. g4 d3 34. Kg2 Be1+ 35. Kg1 d2 36. a4 d1=Q 37. f4 Qd5 38. Rf2 Rxf2 39. f5 Qg2#
0-1

[Event "June 2011 Summer Chess"]
[Site "SchemingMind.com"]
[Date "2011.07.05"]
[Round "-"]
[White "pclaxton"]
[Black "tom claxton"]
[Result "0-1"]
[WhiteCountry "ENG"]
[BlackCountry "ENG"]
[WhiteElo "1317"]
[WhiteRD "59"]
[BlackElo "1371"]
[BlackRD "55"]
[GameID "288194"]

1. d4 e6 2. e4 c5 3. Nf3 d5 4. Nc3 c4 5. Bg5 f6 6. Bf4 Nc6 7. e5 fxe5 8. Bg5 Be7 9. Bxe7 Ngxe7 10. dxe5 O-O
11. Ng5 h6 12. Nf3 Qb6 13. b3 Nxe5 14. Qd4 Nxf3+ 15. gxf3 Qxd4
0-1

[Event "June 2011 Summer Chess"]
[Site "SchemingMind.com"]
[Date "2011.07.05"]
[Round "-"]
[White "pclaxton"]
[Black "ramesse"]
[Result "0-1"]
[WhiteCountry "ENG"]
[BlackCountry "SVK"]
[WhiteElo "1253"]
[WhiteRD "63"]
[BlackElo "2171"]
[BlackRD "61"]
[GameID "288195"]

1. d4 d5 2. Nc3 Nf6 3. Bg5 Nbd7 4. e3 g6 5. Bb5 c6 6. Bxf6 Nxf6 7. Bd3 Bg7 8. Nge2 O-O 9. O-O e5 10. dxe5 Ng4
11. f3 Nxe3 12. Qd2 Nxf1 13. Kxf1 Bxe5 14. f4 Bd6 15. g3 Bh3+ 16. Kf2 Bc5+ 17. Ke1 Qe7 18. Kd1 Bg4 19. a3 Rae8 20. b4 Bd4
21. Kc1 Be3 22. Qxe3 Qxe3+
0-1

[Event "June 2011 Summer Chess"]
[Site "SchemingMind.com"]
[Date "2011.07.06"]
[Round "-"]
[White "tom claxton"]
[Black "pclaxton"]
[Result "1-0"]
[WhiteCountry "ENG"]
[BlackCountry "ENG"]
[WhiteElo "1397"]
[WhiteRD "60"]
[BlackElo "1298"]
[BlackRD "61"]
[GameID "288197"]

1. d4 f5 2. e3 d5 3. Nc3 e6 4. Bd3 Bb4 5. Bd2 g6 6. a3 Bxc3 7. Bxc3 Qg5 8. g3 Nf6 9. Nf3 Qh5 10. Ne5 Qxd1+
11. Rxd1 Bd7 12. f3 Nc6 13. Nxc6 Bxc6 14. b4 O-O 15. O-O a6 16. a4 Bxa4 17. Ra1 Bd7 18. Bd2 b5 19. c3 c6 20. Ra2 Be8
21. Rfa1 Rd8 22. Rxa6 h5 23. Ra8 Bf7 24. Rxd8 Rxd8 25. Ra6 Be8 26. Kf2 Nh7 27. e4 Nf6 28. exf5 exf5 29. Bg5 Kf7 30. Ra7+ Ke6
31. Bxf6 Kxf6 32. Ra6 g5 33. Bxb5 g4 34. Bxc6 Bxc6 35. Rxc6+ Kg5 36. f4#
1-0

[Event "June 2011 Summer Chess"]
[Site "SchemingMind.com"]
[Date "2011.07.05"]
[Round "-"]
[White "ramesse"]
[Black "pclaxton"]
[Result "1-0"]
[WhiteCountry "SVK"]
[BlackCountry "ENG"]
[WhiteElo "2043"]
[WhiteRD "70"]
[BlackElo "1298"]
[BlackRD "61"]
[GameID "288198"]

1. e4 e5 2. Nf3 Nf6 3. Nxe5 d6 4. Nf3 Nxe4 5. d4 c5 6. Bb5+ Bd7 7. Qe2 f5 8. Nc3 d5 9. Ne5 Bd6 10. Nxe4 dxe4
11. Qh5+ g6 12. Nxg6 hxg6 13. Qxg6+ Ke7 14. Qg7+ Ke6 15. Bc4#
1-0

[Event "June 2011 Summer Chess"]
[Site "SchemingMind.com"]
[Date "2011.07.12"]
[Round "-"]
[White "Timaeus"]
[Black "Shanks"]
[Result "0-1"]
[WhiteCountry "JPN"]
[BlackCountry "ENG"]
[WhiteElo "1388"]
[WhiteRD "75"]
[BlackElo "1357"]
[BlackRD "62"]
[GameID "288390"]

1. c4 e5 2. e4 d6 3. d3 c6 4. g3 Nf6 5. Bg5 h6 6. Bxf6 Qxf6 7. Be2 Be7 8. Nf3 O-O 9. Nbd2 Nd7 10. O-O c5
11. Nh4 Nb8 12. Bg4 Bxg4 13. Qxg4 Nc6 14. Ndf3 Nb4 15. Nf5 Rfe8 16. Rfd1 a5 17. a3 Bf8 18. axb4 cxb4 19. Rac1 b3 20. c5 dxc5
21. Rxc5 Bxc5 22. d4 exd4 23. N3xd4 Bxd4 24. Nxd4 a4 25. Nb5 Rad8 26. Rd7 Rxd7 27. Qxd7 Rf8 28. Qxb7 Qxb2 29. Qe7 Qc1+ 30. Kg2 b2
31. Na3 b1=Q 32. Nxb1 Qxb1 33. e5 Qe4+ 34. Kh3 Qf5+ 35. Kg2 Qe4+ 36. Kg1 a3 37. Qxa3 Qxe5 38. h4 Qe1+ 39. Kg2 Qe4+ 40. f3 Qe2+
41. Kh3 h5 42. f4 Qf1+ 43. Kh2 Qe2+ 44. Kh3 Qg4+ 45. Kg2 g6 46. Qe3 Qc8 47. f5 Qxf5 48. Qf4 Qxf4 49. gxf4 f5
0-1

[Event "June 2011 Summer Chess"]
[Site "SchemingMind.com"]
[Date "2011.07.08"]
[Round "-"]
[White "Timaeus"]
[Black "tom claxton"]
[Result "1-0"]
[WhiteCountry "JPN"]
[BlackCountry "ENG"]
[WhiteElo "1442"]
[WhiteRD "65"]
[BlackElo "1397"]
[BlackRD "60"]
[GameID "288391"]

1. c4 e5 2. d4 d6 3. dxe5 Be6 4. exd6 Bxd6 5. c5 Be7 6. Qxd8+ Bxd8 7. e3 Be7 8. b4 Nc6 9. Bb2 f6 10. Bb5 Bd5
11. Nd2 Bxg2 12. Bxc6+ Bxc6 13. Ngf3 Bxf3 14. Nxf3 O-O-O 15. Rd1 Rxd1+ 16. Kxd1 Nh6 17. Bd4 Rd8 18. h4 Ng4 19. e4 c6 20. Ke2 Kc7
21. a3 b6 22. Rg1 Nh2 23. Rxg7 Nxf3 24. Rxe7+ Kb8 25. Bxf6 Rf8 26. Be5+ Nxe5 27. Rxe5 bxc5 28. Rxc5 Kb7 29. b5 cxb5 30. Rxb5+ Ka6
31. a4 Rf4 32. Ke3 Rxh4 33. f4 Rh3+ 34. Kd4 Ra3 35. Rb4 Ka5 36. Kc4 h5 37. Rb5+ Kxa4 38. Rxh5 Ra2 39. e5 Rc2+ 40. Kd4 Kb4
41. e6 Re2 42. f5 Rd2+ 43. Ke5 Kc5 44. e7 Kc6 45. e8=Q+ Kb7 46. Qe7+ Ka6 47. Qb4 Re2+ 48. Qe4 Rxe4+ 49. Kxe4 Kb5 50. f6+ Kc6
51. f7 a5 52. Rxa5 Kd7 53. Ra8 Ke7 54. f8=Q+ Kd7 55. Qf6 Kc7 56. Ra7+ Kb8 57. Qb6+ Kc8 58. Qc7#
1-0

[Event "June 2011 Summer Chess"]
[Site "SchemingMind.com"]
[Date "2011.07.08"]
[Round "-"]
[White "Timaeus"]
[Black "ramesse"]
[Result "0-1"]
[WhiteCountry "JPN"]
[BlackCountry "SVK"]
[WhiteElo "1442"]
[WhiteRD "65"]
[BlackElo "2043"]
[BlackRD "70"]
[GameID "288392"]

1. a3 e5 2. Nc3 d5 3. e3 Nf6 4. d4 Nc6 5. Bb5 e4 6. Bxc6+ bxc6 7. Bd2 Bd6 8. Nge2 Ng4 9. O-O Bxh2+ 10. Kh1 Qh4
11. Ng3 Bxg3+
0-1

[Event "June 2011 Summer Chess"]
[Site "SchemingMind.com"]
[Date "2011.07.13"]
[Round "-"]
[White "Shanks"]
[Black "Timaeus"]
[Result "1-0"]
[WhiteCountry "ENG"]
[BlackCountry "JPN"]
[WhiteElo "1432"]
[WhiteRD "63"]
[BlackElo "1411"]
[BlackRD "70"]
[GameID "288394"]

1. e4 e5 2. Nc3 d6 3. d3 Nc6 4. a3 g6 5. Be3 f5 6. exf5 Bxf5 7. h3 Bh6 8. Qd2 Nd4 9. Bxh6 Nxc2+ 10. Qxc2 Nxh6
11. Qd2 Be6 12. Ne4 Bb3 13. Qxh6 Qe7 14. Qd2 O-O-O 15. Be2 Rhe8 16. Nf3 h6 17. O-O g5 18. g4 Bd5 19. Ng3 Bc6 20. Nf5 Qh7
21. d4 Bxf3 22. Bxf3 e4 23. Bg2 d5 24. Qe3 h5 25. Qxg5 b6 26. b4 c6 27. Rac1 Kb7 28. Qh4 Rd7 29. Ne3 Rg8 30. a4 Kb8
31. a5 Kb7 32. a6+ Kxa6 33. Rxc6 Rc7 34. Rxc7 Qxc7 35. Ra1+ Kb7 36. Qxh5 Qc3 37. Qxd5+ Kb8 38. Qxg8+ Kb7 39. Bxe4+
1-0

[Event "June 2011 Summer Chess"]
[Site "SchemingMind.com"]
[Date "2011.07.08"]
[Round "-"]
[White "tom claxton"]
[Black "Timaeus"]
[Result "1-0"]
[WhiteCountry "ENG"]
[BlackCountry "JPN"]
[WhiteElo "1371"]
[WhiteRD "55"]
[BlackElo "1421"]
[BlackRD "64"]
[GameID "288395"]

1. d4 Nf6 2. Nc3 d5 3. Bg5 Ne4 4. Nxe4 dxe4 5. e3 h6 6. Bf4 e6 7. c3 Be7 8. Bc4 Bd6 9. Bxd6 Qxd6 10. Qg4 O-O
11. Ne2 f5 12. Qh3 Nc6 13. O-O Na5 14. Bb3 b5 15. Bc2 Bb7 16. b4 Nc4 17. Nf4 e5 18. Nh5 exd4 19. exd4 Qg6 20. Nf4 Qg4
21. Qxg4 fxg4 22. Ne6 Nd2 23. Rfd1 Nf3+ 24. Kh1 Nxh2 25. Nxf8 Rxf8 26. Kxh2 Rxf2 27. Bb3+ Kh7 28. Rg1 e3 29. Rae1 e2 30. Kg3 Rf1
31. Rexf1 exf1=Q 32. Rxf1 h5 33. Kh4 Kh6 34. g3 g6 35. Rf8 Kg7 36. Rg8+ Kh7 37. Kg5 Be4 38. Rc8 c6 39. Rc7+ Kh8 40. Kh6 Bf5
41. Rh7#
1-0

[Event "June 2011 Summer Chess"]
[Site "SchemingMind.com"]
[Date "2011.07.08"]
[Round "-"]
[White "ramesse"]
[Black "Timaeus"]
[Result "1-0"]
[WhiteCountry "SVK"]
[BlackCountry "JPN"]
[WhiteElo "2043"]
[WhiteRD "70"]
[BlackElo "1442"]
[BlackRD "65"]
[GameID "288396"]

1. e4 d5 2. exd5 c6 3. dxc6 Nxc6 4. Bc4 Ne5 5. Bb3 Bf5 6. d4 Nc6 7. d5 Na5 8. Ba4+ Bd7 9. Bxd7+ Qxd7 10. Qd3 Nf6
11. b4 Qxd5 12. Qxd5 Nxd5 13. bxa5 e5 14. c3 Nxc3 15. Nxc3 Bb4 16. Ne2 Rc8 17. Bd2 Bxa5 18. Nb5 Bxd2+ 19. Kxd2 Rd8+ 20. Ke3 O-O
21. Rhd1
1-0

[Event "June 2011 Summer Chess"]
[Site "SchemingMind.com"]
[Date "2011.07.08"]
[Round "-"]
[White "pclaxton"]
[Black "Timaeus"]
[Result "0-1"]
[WhiteCountry "ENG"]
[BlackCountry "JPN"]
[WhiteElo "1253"]
[WhiteRD "63"]
[BlackElo "1412"]
[BlackRD "65"]
[GameID "288397"]

1. e4 Nc6 2. c4 e5 3. Nf3 d6 4. d3 Bg4 5. Nbd2 Nd4 6. Qa4+ c6 7. Nxd4 exd4 8. f3 Bd7 9. b3 c5 10. Qa3 Be7
11. b4 a6 12. g3 f5 13. Nb3 Nf6 14. bxc5 dxc5 15. Nxc5 Rc8 16. Nxb7 Bxa3 17. Bxa3 Qb6 18. Bc5 Qxb7 19. O-O-O Rxc5 20. Bh3 O-O
21. Rd2 Rb8 22. Kd1 Qb1+ 23. Ke2 Qxh1 24. Rd1 Rb2+ 25. Rd2 Qxh2+ 26. Ke1 Qxg3+ 27. Kd1 Qxf3+ 28. Kc1 Rxd2 29. Kxd2 Qxh3
0-1

[Event "June 2011 Summer Chess"]
[Site "SchemingMind.com"]
[Date "2011.07.18"]
[Round "-"]
[White "maro"]
[Black "Shanks"]
[Result "0-1"]
[WhiteCountry "MEX"]
[BlackCountry "ENG"]
[WhiteElo "1356"]
[WhiteRD "52"]
[BlackElo "1445"]
[BlackRD "65"]
[GameID "288704"]

1. e4 d6 2. d4 g6 3. Nc3 Bg7 4. Qd3 a6 5. d5 Nd7 6. Be2 Ne5 7. Qe3 h5 8. Nh3 Nf6 9. O-O O-O 10. Na4 Nfg4
11. Bxg4 Nxg4 12. Qe2 Be5 13. g3 Nf6 14. c3 Bxh3 15. Re1 b5 16. Bg5 bxa4 17. Bh6 Re8 18. a3 a5 19. Rad1 Bg4 20. Qe3 Bxd1
21. Rxd1 Qd7 22. Kg2 Ng4 23. Qe2 Nxh6 24. Qe3 Bg7
0-1

[Event "June 2011 Summer Chess"]
[Site "SchemingMind.com"]
[Date "2011.07.15"]
[Round "-"]
[White "maro"]
[Black "Timaeus"]
[Result "1-0"]
[WhiteCountry "MEX"]
[BlackCountry "JPN"]
[WhiteElo "1356"]
[WhiteRD "52"]
[BlackElo "1412"]
[BlackRD "65"]
[GameID "288705"]

1. e4 h6 2. b3 Nc6 3. Bb2 e5 4. d4 Nxd4 5. Bxd4 exd4 6. Qxd4 Qf6 7. e5 Qe6 8. Bc4 Bc5 9. Qxc5 d5 10. Bxd5 Qxe5+
11. Ne2 Qxa1 12. Qe3+ Ne7 13. O-O Qxa2 14. Nbc3 Qxc2 15. Rc1 Qh7 16. Qf3 O-O 17. Be4 f5 18. Bd5+ Kh8 19. Nf4 c6 20. Be6 Ng6
21. Bxc8 Raxc8 22. g3 Nxf4 23. Qxf4 Rce8 24. Kg2 b5 25. Nd1 a5 26. Rxc6 Re7 27. Nc3 Qg8 28. Qd4 Qxb3 29. Rxh6+ Kg8 30. Rg6 Qb2
31. Qc5 Ref7 32. Nxb5 Rf6 33. Rxf6 Rxf6 34. Qc8+ Kh7 35. Nc7 Qc2 36. Qd7 a4 37. Nd5 Qd2 38. Nxf6+ Kg6 39. Qxd2 Kxf6 40. Qd4+ Kg5
41. Qxg7+ Kh5 42. f4
1-0

[Event "June 2011 Summer Chess"]
[Site "SchemingMind.com"]
[Date "2011.07.14"]
[Round "-"]
[White "maro"]
[Black "tom claxton"]
[Result "0-1"]
[WhiteCountry "MEX"]
[BlackCountry "ENG"]
[WhiteElo "1416"]
[WhiteRD "52"]
[BlackElo "1371"]
[BlackRD "55"]
[GameID "288706"]

1. e4 e6 2. d4 d5 3. e5 c5 4. c3 Nc6 5. Nf3 f5 6. exf6 Nxf6 7. Bg5 h6 8. Bxf6 Qxf6 9. Be2 b6 10. Bb5 Bd7
11. O-O a6 12. Bxc6 Bxc6 13. Ne5 Bb5 14. Re1 Bd6 15. Ng4 Qg6 16. h3 Bd7 17. Nd2 O-O 18. f3 Bg3 19. Re3 h5 20. Ne5 Bxe5
21. Rxe5 Rf6 22. Qe2 Re8 23. Qxa6 cxd4 24. cxd4 Rf5 25. Qxb6 Rxe5 26. dxe5 Qc2 27. Nf1 Qe2 28. b4 Qxe5 29. Qb7 Rd8 30. Qb6 Rb8
31. Qa7 Bb5 32. Rc1 Bxf1 33. Rxf1 Rxb4 34. a3 Rb2 35. Rc1 Rxg2+ 36. Kxg2 Qb2+ 37. Kg3 Qxc1 38. a4 Qc4 39. Qd7 Qe2 40. Qe8+ Kh7
41. Qxh5+ Kg8 42. a5 Qe1+ 43. Kf4 Qxa5 44. Qe8+ Kh7 45. Qxe6 Qb4+ 46. Ke5 Qc3+ 47. Kxd5 Qxf3+ 48. Kd6 g6 49. h4 Qg3+ 50. Kd7 Qxh4
51. Qe3 g5 52. Qe7+ Kh6 53. Ke8 Qa4+ 54. Kf7 Qf4+ 55. Kg8 g4 56. Qh7+ Kg5 57. Qg7+ Kh4 58. Qe7+ Kg3 59. Kg7 Qd4+ 60. Kg6 Kf3
61. Kg5 g3 62. Qe1 Qe3+ 63. Kh4 Qxe1
0-1

[Event "June 2011 Summer Chess"]
[Site "SchemingMind.com"]
[Date "2011.07.16"]
[Round "-"]
[White "maro"]
[Black "ramesse"]
[Result "0-1"]
[WhiteCountry "MEX"]
[BlackCountry "SVK"]
[WhiteElo "1416"]
[WhiteRD "52"]
[BlackElo "1877"]
[BlackRD "94"]
[GameID "288707"]

1. e4 c5 2. Bc4 Nc6 3. Qf3 e6 4. d3 Nd4 5. Qd1 d5 6. exd5 b5 7. Be3 bxc4 8. Bxd4 Qxd5 9. dxc4 Qxg2 10. Be3 Qxh1
11. Ke2 Bb7 12. Nd2 Rd8 13. Qf1 Bg2 14. Qe1 Qxh2 15. Ngf3 Qh5
0-1

[Event "June 2011 Summer Chess"]
[Site "SchemingMind.com"]
[Date "2011.07.15"]
[Round "-"]
[White "maro"]
[Black "pclaxton"]
[Result "1-0"]
[WhiteCountry "MEX"]
[BlackCountry "ENG"]
[WhiteElo "1356"]
[WhiteRD "52"]
[BlackElo "1253"]
[BlackRD "63"]
[GameID "288708"]

1. e4 e5 2. d4 Nc6 3. d5 Nce7 4. Bg5 f6 5. Qh5+ g6 6. Qg4 fxg5 7. Qxg5 d6 8. Bb5+ Bd7 9. Nc3 Bh6 10. Qg4 Nf6
11. Qf3 Bg7 12. Nh3 O-O 13. Ng5 Nfxd5 14. Nxd5 Bxb5 15. Qb3 Bh6 16. Nxe7+ Kg7 17. Ne6+ Kf6 18. Nxd8 Kxe7 19. Ne6 Ke8 20. Qxb5+
1-0

[Event "June 2011 Summer Chess"]
[Site "SchemingMind.com"]
[Date "2011.07.18"]
[Round "-"]
[White "Shanks"]
[Black "maro"]
[Result "1-0"]
[WhiteCountry "ENG"]
[BlackCountry "MEX"]
[WhiteElo "1445"]
[WhiteRD "65"]
[BlackElo "1356"]
[BlackRD "52"]
[GameID "288709"]

1. e4 e5 2. g3 d5 3. Bg2 d4 4. d3 Na6 5. a3 h6 6. Nd2 Be6 7. b3 Be7 8. Ne2 Nf6 9. h3 O-O 10. Bb2 c5
11. Nf3 Qc7 12. O-O Qc8 13. Nxe5 Bxh3 14. Nf3 Bg4 15. Ne5 Bh3 16. Re1 Bd6 17. Nc4 Bc7 18. b4 Bxg2 19. Kxg2 Qe6 20. bxc5 Nxc5
21. Nxd4 Qd7 22. Nf5 Ne6 23. e5 Qd5+ 24. Kg1 Nd7 25. Nce3 Qc6 26. d4 Ng5 27. Ne7+
1-0

[Event "June 2011 Summer Chess"]
[Site "SchemingMind.com"]
[Date "2011.07.14"]
[Round "-"]
[White "Timaeus"]
[Black "maro"]
[Result "0-1"]
[WhiteCountry "JPN"]
[BlackCountry "MEX"]
[WhiteElo "1442"]
[WhiteRD "65"]
[BlackElo "1358"]
[BlackRD "51"]
[GameID "288710"]

1. c4 d5 2. e3 Nf6 3. d4 e6 4. Nc3 Bb4 5. cxd5 Nxd5 6. Bd2 O-O 7. Bc4 c6 8. Bxd5 cxd5 9. Nxd5 Bxd2+ 10. Qxd2 Qxd5
11. Nf3 a5 12. O-O Nc6 13. a3 b6 14. Rac1 Bd7 15. h3 Rac8 16. Rfe1 f5 17. Rc3 b5 18. b3 b4 19. axb4 axb4 20. Rd3 Na5
21. Qxb4 Nc6 22. Qd2 Ra8 23. Rc1 Rfb8 24. Ne5 Nb4 25. Nxd7 Qxd7 26. Rdc3 Nd5 27. Rc4 Rxb3 28. R1c2 Nb6 29. Rb4 Ra1+
0-1

[Event "June 2011 Summer Chess"]
[Site "SchemingMind.com"]
[Date "2011.07.14"]
[Round "-"]
[White "tom claxton"]
[Black "maro"]
[Result "1-0"]
[WhiteCountry "ENG"]
[BlackCountry "MEX"]
[WhiteElo "1371"]
[WhiteRD "55"]
[BlackElo "1416"]
[BlackRD "52"]
[GameID "288711"]

1. d4 d5 2. Nc3 Nf6 3. Bg5 Ne4 4. Nxe4 dxe4 5. e3 Qd5 6. Bf4 e6 7. Bxc7 Qc6 8. Bxb8 Rxb8 9. a4 Bd6 10. Bb5 Qxb5
11. axb5 b6 12. Rxa7 O-O 13. c4 Bb4+ 14. Ke2 Bd7 15. Rxd7 Ra8 16. Qb3 Ba5 17. Nh3
1-0

[Event "June 2011 Summer Chess"]
[Site "SchemingMind.com"]
[Date "2011.07.14"]
[Round "-"]
[White "ramesse"]
[Black "maro"]
[Result "1-0"]
[WhiteCountry "SVK"]
[BlackCountry "MEX"]
[WhiteElo "2043"]
[WhiteRD "70"]
[BlackElo "1358"]
[BlackRD "51"]
[GameID "288712"]

1. e4 e5 2. Nf3 Nc6 3. Bb5 Nge7 4. O-O a6 5. Ba4 g6 6. c3 Bg7 7. d4 exd4 8. cxd4 O-O 9. d5 Ne5 10. Nc3 d6
11. Nxe5 Bxe5 12. Bh6 Re8 13. Bxe8 Qxe8 14. Rc1 Bxc3 15. Rxc3 Bd7 16. Qd4 c5 17. Qg7#
1-0

[Event "June 2011 Summer Chess"]
[Site "SchemingMind.com"]
[Date "2011.07.14"]
[Round "-"]
[White "pclaxton"]
[Black "maro"]
[Result "0-1"]
[WhiteCountry "ENG"]
[BlackCountry "MEX"]
[WhiteElo "1253"]
[WhiteRD "63"]
[BlackElo "1356"]
[BlackRD "52"]
[GameID "288713"]

1. e4 e5 2. Nf3 Nc6 3. d3 d6 4. c3 Bd7 5. Qb3 b6 6. Be3 Na5 7. Qd5 Nf6 8. Qxa8 Qxa8 9. b4 Nc6 10. b5 Na5
11. d4 Be6 12. a4 Qxe4 13. Nfd2 Qc2 14. g3 Nb3 15. Ra3 Qc1+ 16. Ke2 exd4 17. Nxb3 Qc2+ 18. N1d2 Qxc3 19. Bxd4 Qc2 20. Ke1 d5
21. Bg2 Bxa3
0-1

[Event "June 2011 Summer Chess"]
[Site "SchemingMind.com"]
[Date "2011.07.20"]
[Round "-"]
[White "cnile"]
[Black "Shanks"]
[Result "1-0"]
[WhiteCountry "SCO"]
[BlackCountry "ENG"]
[WhiteElo "1504"]
[WhiteRD "59"]
[BlackElo "1322"]
[BlackRD "60"]
[GameID "288812"]

1. d4 d5 2. c4 c6 3. Nc3 dxc4 4. a4 a5 5. e4 Nd7 6. Bxc4 Nb6 7. Bd3 e6 8. Nf3 Ne7 9. Bf4 Ng6 10. Bg3 h6
11. O-O Be7 12. Re1 O-O 13. Qb3 Bd7 14. e5 Bb4 15. Re4 Nd5 16. Rc1 Nde7 17. Ne2 b6 18. Qc2 Rc8 19. Rg4 Nf5 20. h3 Nxg3
21. Nxg3 c5 22. Nh4 Nxh4 23. Nh5 Ng6 24. Nxg7 Kxg7 25. Bxg6 fxg6 26. Qxg6+
1-0

[Event "June 2011 Summer Chess"]
[Site "SchemingMind.com"]
[Date "2011.07.16"]
[Round "-"]
[White "cnile"]
[Black "maro"]
[Result "1-0"]
[WhiteCountry "SCO"]
[BlackCountry "MEX"]
[WhiteElo "1448"]
[WhiteRD "61"]
[BlackElo "1358"]
[BlackRD "51"]
[GameID "288813"]

1. d4 d5 2. Nf3 Nc6 3. c4 e6 4. Bf4 Bd6 5. Bxd6 Qxd6 6. cxd5 Qxd5 7. Nc3 Qa5 8. e4 Bd7 9. Bd3 a6 10. O-O Qb4
11. Rb1 Nxd4 12. e5 Nxf3+ 13. Qxf3 Nh6 14. Rfd1 Bc6 15. Qg3 g6 16. Qg5 Qf8 17. Rbc1 Nf5 18. Be4 h6 19. Qg4 Bxe4 20. Nxe4 Qe7
21. Nf6+ Kf8 22. Qc4 Rd8 23. Rxd8+ Qxd8 24. Qb4+ Kg7 25. Qxb7 Nd4 26. Kf1 Qe7 27. Rxc7 Qd8 28. Rxf7#
1-0

[Event "June 2011 Summer Chess"]
[Site "SchemingMind.com"]
[Date "2011.07.20"]
[Round "-"]
[White "cnile"]
[Black "Timaeus"]
[Result "0-1"]
[WhiteCountry "SCO"]
[BlackCountry "JPN"]
[WhiteElo "1448"]
[WhiteRD "61"]
[BlackElo "1442"]
[BlackRD "65"]
[GameID "288814"]

1. e4 e5 2. Nf3 Nc6 3. Bb5 Nd4 4. Nxd4 exd4 5. O-O c6 6. Bd3 Nf6 7. b3 d5 8. exd5 Nxd5 9. Bb2 Bc5 10. Re1+ Be6
11. Na3 O-O 12. Nc4 Re8 13. Qh5 g6 14. Qh6 Bf8 15. Qg5 Qxg5 16. Bxd4 Nf4 17. Bf1 Bh3 18. Be3 Rxe3 19. dxe3 Nxg2 20. Bxg2 Qxg2#
0-1

[Event "June 2011 Summer Chess"]
[Site "SchemingMind.com"]
[Date "2011.07.16"]
[Round "-"]
[White "cnile"]
[Black "tom claxton"]
[Result "1-0"]
[WhiteCountry "SCO"]
[BlackCountry "ENG"]
[WhiteElo "1441"]
[WhiteRD "59"]
[BlackElo "1371"]
[BlackRD "55"]
[GameID "288815"]

1. d4 e6 2. c4 d5 3. Nf3 Bb4+ 4. Bd2 Bxd2+ 5. Nbxd2 Nc6 6. e3 Nf6 7. Bd3 O-O 8. O-O b6 9. Rc1 dxc4 10. Nxc4 Ba6
11. Nce5 Nxe5 12. Bxa6 Nxf3+ 13. Qxf3 Qd6 14. h3 Rad8 15. Bd3 Nd5 16. Rfd1 Nb4 17. Bb1 Qd5 18. Qf4 Qd6 19. Qe4 Qd5 20. Qxh7#
1-0